Jane Austen A-Z - Statistics

General Stats
  • This quiz has been taken 242 times
    241 since last reset
  • The average score is 10 of 23
Answer Stats
Answer % Correct
A The second Miss Elliot Anne
88%
G Mr. Knightley's first name George
84%
C Imposing aunt to Mr. Darcy Lady {Catherine}
84%
B The primary inhabitants of Longbourn Bennet
81%
F Mr. Darcy's cousin Colonel {Fitzwilliam}
79%
J Willoughby's first name John
78%
E The clergyman in Highbury Mr. {Elton}
65%
W Emma's last name Woodhouse
65%
I James Morland's fiancee Isabella Thorpe
59%
O Edward Ferrars Alma Mater Oxford
54%
H Eldest Musgrove sister Henrietta Musgrove
51%
D County to which the Dashwood family removed Devonshire
41%
U Catherine Morland's favorite book Mysteries of {Udolpho}
38%
K The seat of the Elliots Kellynch Hall
33%
N Norfolk home to the Dashwoods Norland
23%
P The doctor in Highbury Mr. {Perry}
22%
L Ship commanded by Captain Wentworth Laconia
18%
V Rank to which Eleanor Tilney is raised Vicountess
13%
Y Where the Crofts lived as a young couple North {Yarmouth}
11%
M Street of the Tilneys' Bath lodgings Milsom Street
5%
S Mr. Rushworth's estate Sotherton
5%
T Edmond Bertram's living Thornton Lacey
3%
R Famous estate improver Repton
2%
No matching quizzes found
Score Distribution
Percent of People with Each Score
Percentile by Number Answered
Your Score History
You have not taken this quiz since the last reset